00280nam a2200121Ia 4500008004100000041000900041082001800050100001900068245002000087260003500107300000800142650000800150230718s9999 xx 000 0 und d aEng. a340.59bMAH-J aMahajan , V.D. 0aJuris Prodence  aPakistanbImran law bookc1862 a742 aLaw